| 000 | 00389nam a2200145Ia 4500 | ||
|---|---|---|---|
| 008 | 240624s9999 xx 000 0 und d | ||
| 041 | _aeng | ||
| 082 | _a650.0711 CAR | ||
| 100 | _aCARLILE PAUL R | ||
| 245 | _aREIMAGINING BUSINESS EDUCATION INSIGHTS | ||
| 250 | _a(First edition. ed.) | ||
| 260 | _aBingley, UK | ||
| 300 | _axv, 127 pages : , illustrations ; , 23 cm | ||
| 365 | _cRS | ||
| 999 |
_c28974 _d28974 |
||